भीतर का मौन / (Record no. 113177)

MARC details
000 -LEADER
fixed length control field 00951nam a22002537a 4500
005 - DATE AND TIME OF LATEST TRANSACTION
control field 20170124102949.0
010 ## - LIBRARY OF CONGRESS CONTROL NUMBER
LC control number A-764259
020 ## - INTERNATIONAL STANDARD BOOK NUMBER
Terms of availability 40.00
International Standard Book Number 817408052
035 ## - SYSTEM CONTROL NUMBER
System control number A-764259
037 ## - SOURCE OF ACQUISITION
Source of stock number/acquisition Cen Lib/Ret
040 ## - CATALOGING SOURCE
Original cataloging agency DPL
Language of cataloging HN
082 ## - DEWEY DECIMAL CLASSIFICATION NUMBER
Classification number
Item number सक्सेना
100 ## - MAIN ENTRY--PERSONAL NAME
Personal name सक्सेना, सत्यपल
9 (RLIN) 7856
245 ## - TITLE STATEMENT
Title भीतर का मौन /
Statement of responsibility, etc सत्यपल सक्सेना
246 ## - VARYING FORM OF TITLE
Title proper/short title Bhitar ka maun /
Remainder of title by Satya Pal Saxena
260 ## - PUBLICATION, DISTRIBUTION, ETC. (IMPRINT)
Place of publication, distribution, etc नयी दिल्ली
Name of publisher, distributor, etc अयन प्रकाशन
Date of publication, distribution, etc 1995
270 ## - ADDRESS
City नयी दिल्ली
Address 1/20, महरौली
Postal code 110030
300 ## - PHYSICAL DESCRIPTION
Extent 92पृ.
Dimensions 17सेमी (सजिल्द)
650 ## - SUBJECT ADDED ENTRY--TOPICAL TERM
Topical term or geographic name as entry element हिन्दी साहित्य
9 (RLIN) 50993
650 ## - SUBJECT ADDED ENTRY--TOPICAL TERM
Topical term or geographic name as entry element कहानियां
9 (RLIN) 50994
650 ## - SUBJECT ADDED ENTRY--TOPICAL TERM
Topical term or geographic name as entry element Hindi literature
9 (RLIN) 50995
650 ## - SUBJECT ADDED ENTRY--TOPICAL TERM
Topical term or geographic name as entry element Stories
9 (RLIN) 7500
942 ## - ADDED ENTRY ELEMENTS (KOHA)
Source of classification or shelving scheme Dewey Decimal Classification
Koha item type Hindi Books
Classification part
Call number suffix सक्सेना
Holdings
Withdrawn status Lost status Damaged status Not for loan Home library Current library Date acquired Source of acquisition Cost, normal purchase price Total Checkouts Full call number Barcode Date last seen Copy number Cost, replacement price Price effective from Koha item type
        Central Library Central Library 11/08/2015 Cen Lib/Ret 40.00   क सक्सेना A-764259 11/08/2015 1 40.00 11/08/2015 Hindi Books

© Delhi Public Library
Hit Counter
free hit counter